042_ Personnalités nées un 11 février par images - Statistiques

Statistiques générales
  • Ce quiz a été pris 33 fois
  • Le résultat moyen est 4 sur 9
Statistiques - réponses
Par images Hint Réponse % Correct
Humoriste et Militant Dieudonné
79%
Actrice Jennifer Aniston
79%
Chanteur Serge Lama
67%
Tenisman Daniil Medvedev
45%
Journaliste Julien Arnaud
36%
Politicienne Rima Abdul Malak
33%
Chanteuse Rosé
33%
Inventeur Thomas Edison
30%
Actrice Natalie Dormer
15%
Aucun quiz correspondant
Distribution des résultats
% des personnes avec chaque résultat
Percentile par nombre de réponses
Votre historique - résultats
Vous n’avez pas pris ce quiz